000 00329nam a2200121 i 4500
001 bg
245 0 _aProblemy budownictwa rolniczego - przechowalnictwo ziemniaków :
_bIV Konferencja Naukowo-Techniczna.
260 _aBonin,
_c1986.
040 _cBPK
041 _apol
942 _cKS
008 s pl f |000 0 pol
999 _c23221
_d23221
856 _uhttp://koha.tu.koszalin.pl/cgi-bin/koha/opac-detail.pl?biblionumber=23221
_yKatalog online BPK